Open Data Biblioteca Nacional de Portugal


República Portuguesa: Ministério da Cultura
Biblioteca Nacional de Portugal

Catálogo da BNP: acesso por Identificadores Unívocos
Registos Bibliográficos associados ao registo de autoridade

Etiqueta de registo: 00619cam 22002171 450
001 749303
003 http://id.bnportugal.gov.pt/bib/catbnp/749303
005 20000103113300.0
095 ## $aPTBN00536595
100 ## $a19940112a19499999m y0pory0103 ba
101 0# $apor
102 ## $aPT
200 1# $aCaça e pesca$fdir. José da Rocha Ramos$ged. lit. Henriques Sequeira
210 #9 $a[S.l.$cs.n.],$d1949-$eLisboa :$gComp. Nac. Editora)
215 ## $d28 cm
702 #1 $aRamos,$bJosé da Rocha$4300$369652
702 #1 $aSequeira,$bHenrique$4340$3718823
801 #0 $aPT$bBN$gRPC
966 ## $lBN$mFGREV$sP.P. 58 V.
997 ## $aBIBEOD
998 ## $aCB015-292

OpendataBNP@bnportugal.pt | Mais informação sobre acesso aos dados BNP